Name the kpop groups!❤ - Statistics

General Stats
  • This quiz has been taken 486 times
  • The average score is 14 of 16
Answer Stats
Picture Answer % Correct
Bts
99%
Stray kids
98%
Txt
98%
Blackpink
96%
Seventeen
96%
Enhypen
93%
Twice
93%
Ateez
89%
Gidle
88%
Le sserafim
81%
Red velvet
80%
Nmixx
79%
Shinee
76%
Astro
75%
Kep1er
75%
Kiss of life
67%
No matching quizzes found
Score Distribution
Percent of People with Each Score
Percentile by Number Answered
Your Score History
You have not taken this quiz